000 00466nam a2200169Ia 4500
003 GCL
008 140319s9999 xx 000 0 ara d
040 _aGCL /
_cGCL
082 0 4 _a327.1
_bم ا
100 1 _aمحمد طه بدوى
245 1 0 _aاصول علم العلاقات الدولية /
_cمحمد طه بدوى
700 1 _aليلى امين مرسى
300 _a207 ص
490 _a
650 0 4 _aالعلاقات الدولية
942 _2ddc
_cBK
999 _c39259
_d39259